000
00355 a2200169 4500
001
156824
020
_a
9788581841366
040
_c
Escola São Tomás de Aquino
100
_a
GÖPFERT, Kathrin
240
1
0
_a
Não!
_l
por
245
1
0
_a
Não!
300
_a
32 p.
362
0
_a
2018
440
1
_a
Gaudí
697
_a
*LITERATURA INFANTO
942
_c
BK
999
_c
156824
_d
156824